000 00685pam a2200241 a 4500
001 2824656
003 OSt
005 20240619101105.0
008 831122s1984 nyua 001 0 eng
010 _a 83025547
020 _a0070152098 (pbk.) :
_c$9.95
040 _aDLC
_cMUST
_dDLC
082 0 0 _a530.1 DAL 1984
100 1 _aDalven, Richard.
_917494
245 1 0 _aCalculus for physics /
_cRichard Dalven.
260 _aNew York :
_bMcGraw-Hill,
_c1984.
300 _ax, 149 p. :
_bill. ;
_c24 cm.
500 _aIncludes index.
650 0 _aMathematical physics.
_9372
650 0 _aCalculus.
_9764
906 _a7
_bcbc
_corignew
_d1
_eocip
_f19
_gy-gencatlg
942 _2ddc
_cO_SHELF
999 _c8640
_d8640